| 000 | 01247nam a2200301 4500 | ||
|---|---|---|---|
| 003 | EC-UNACH | ||
| 005 | 20251216104643.0 | ||
| 006 | s||||gr|||| 00| 00 | ||
| 008 | 150116t9999 mx r gr 000 0 spa d | ||
| 020 | _a978-9942-07-883-4 | ||
| 040 |
_aEC-UNACH _cEC-UNACH |
||
| 041 | _aspa | ||
| 082 | 0 | 4 |
_223 _a348.04 _bl018506 |
| 110 | _aCorte constitucional del Ecuador | ||
| 245 | _aUna lectura cuantitativa y cualitativa de las decisiones del Tribunal Constitucional a la primera Corte Constitucional | ||
| 250 | _aSerie 6 | ||
| 264 |
_aEcuador _bCorte constitucional del Ecuador _c2015 |
||
| 300 | _a194 | ||
| 505 | _aAnálisis cuantitativo de las decisiones del Tribunal Constitucional a la primera Corte Constitucional -- Desiciones constitucionales en la vigencia de las constituciones de 1998 y 2008 -- Análisis cuantitativo y cualitativo del proceso de seguimiento de sentencias y dictámenes constitucionales en la Corte Constitucional del Ecuador. | ||
| 650 | _aDERECHO CONSTITUCIONAL | ||
| 650 | _aJURISPRUDENCIA | ||
| 650 | _aECUADOR | ||
| 700 | _aCorte constitucional del Ecuador | ||
| 942 |
_2ddc _c1 |
||
| 999 | _c14303 | ||